Differences in the Validity of Self-Reported Drug Use Across Five Factors: Gender, Race, Age, Type of Drug, and Offense Seriousness, Final Report

Gespeichert in:  
Bibliographische Detailangaben
VerfasserInnen: Rosay, Andre B. (Verfasst von) ; Herz, Denise C. (Verfasst von) ; Najaka, Stacy Brooke (Verfasst von)
Medienart: Elektronisch Buch
Sprache:Englisch
Veröffentlicht: [Erscheinungsort nicht ermittelbar] United States Department of Justice, National Institute of Justice 2000
In:Jahr: 2000
Online-Zugang: Volltext (lizenzpflichtig)
Volltext (lizenzpflichtig)
Verfügbarkeit prüfen: HBZ Gateway
Subito Bestelldienst: Jetzt bestellen.

MARC

LEADER 00000cam a22000002c 4500
001 1912513714
003 DE-627
005 20250126054954.0
007 cr uuu---uuuuu
008 241217s2000 xx |||||o 00| ||eng c
035 |a (DE-627)1912513714 
035 |a (DE-599)KXP1912513714 
040 |a DE-627  |b ger  |c DE-627  |e rda 
041 |a eng 
084 |a 2,1  |2 ssgn 
100 1 |a Rosay, Andre B.  |e VerfasserIn  |4 aut 
245 1 0 |a Differences in the Validity of Self-Reported Drug Use Across Five Factors: Gender, Race, Age, Type of Drug, and Offense Seriousness, Final Report 
264 1 |a [Erscheinungsort nicht ermittelbar]  |b United States Department of Justice, National Institute of Justice  |c 2000 
336 |a Text  |b txt  |2 rdacontent 
337 |a Computermedien  |b c  |2 rdamedia 
338 |a Online-Ressource  |b cr  |2 rdacarrier 
700 1 |a Herz, Denise C.  |e VerfasserIn  |4 aut 
700 1 |a Najaka, Stacy Brooke  |e VerfasserIn  |0 (DE-588)1038872693  |0 (DE-627)766623785  |0 (DE-576)18464237X  |4 aut 
787 0 8 |i Forschungsdaten  |a Rosay, Andre B.  |t Differences in the Validity of Self-Reported Drug Use Across Five Factors in Indianapolis, Fort Lauderdale, Phoenix, and Dallas, 1994  |d [Erscheinungsort nicht ermittelbar] : [Verlag nicht ermittelbar], 2000  |w (DE-627)1840067209 
856 4 0 |u https://www.ncjrs.gov/App/Publications/abstract.aspx?ID=182363  |x Verlag  |z lizenzpflichtig  |3 Volltext  |7 1 
856 4 0 |u http://www.ncjrs.gov/pdffiles1/nij/grants/182363.pdf  |q application/pdf  |x Verlag  |z lizenzpflichtig  |3 Volltext  |7 1 
935 |a mkri 
951 |a BO 
ELC |a 1 
LOK |0 000 xxxxxcx a22 zn 4500 
LOK |0 001 4637479215 
LOK |0 003 DE-627 
LOK |0 004 1912513714 
LOK |0 005 20241217044326 
LOK |0 008 241217||||||||||||||||ger||||||| 
LOK |0 035   |a (DE-2619)ICPSR26154 
LOK |0 040   |a DE-2619  |c DE-627  |d DE-2619 
LOK |0 092   |o n 
LOK |0 852   |a DE-2619 
LOK |0 852 1  |9 00 
LOK |0 935   |a nacp 
LOK |0 939   |a 17-12-24  |b l01 
ORI |a SA-MARC-krimdoka001.raw